CRIME AND PUNISHMENT (Record no. 3033)
[ view plain ]
| 000 -LEADER | |
|---|---|
| fixed length control field | 00605nam a22001457a 4500 |
| 020 ## - INTERNATIONAL STANDARD BOOK NUMBER | |
| ISBN | 0-553-21175-7 |
| 082 ## - DEWEY DECIMAL CLASSIFICATION NUMBER | |
| Classification number | 823 |
| Item number | DOS/C |
| 100 ## - MAIN ENTRY--AUTHOR NAME | |
| Personal name | DOSTOEVSKY, FYODOR |
| 245 ## - TITLE STATEMENT | |
| Title | CRIME AND PUNISHMENT |
| 260 ## - PUBLICATION, DISTRIBUTION, ETC. (IMPRINT) | |
| Place of publication | UNITED STATES |
| Name of publisher | BANTAM BOOKS |
| Year of publication | 2003 |
| 300 ## - PHYSICAL DESCRIPTION | |
| Number of Pages | 542 |
| 520 ## - SUMMARY, ETC. | |
| Summary, etc | Raskolnikov, a former student, lives in poverty and chaos in St. Petersburg. He decides—through contradictory theories, including utilitarian morality and the belief that extraordinary people have the “right to transgress”—to murder Alyona Ivanovna, an elderly pawnbroker. |
| 650 ## - SUBJECT ADDED ENTRY--TOPICAL TERM | |
| Topical Term | NOVEL |
| Geographic subdivision | UNITED STATES |
| 942 ## - ADDED ENTRY ELEMENTS (KOHA) | |
| Koha item type | Books |
| Withdrawn status | Lost status | Collection code | Home library | Current library | Shelving location | Date acquired | Source of acquisition | Full call number | Accession Number | Koha item type |
|---|---|---|---|---|---|---|---|---|---|---|
| Fiction | Main Library | Main Library | SHELF-14D- ALPHABETICAL -D--ENGLISH NOVELS & FICTIONS | 15/06/2009 | purchase | 823 DOS/C | 04822 | Books |